[Event "5th POL-HUN Open 2017"]
[Site "Katowice POL"]
[Date "2017.05.21"]
[Round "7.1"]
[White "Heberla,B"]
[Black "Mista,A"]
[Result "0-1"]
[WhiteElo "2580"]
[BlackElo "2606"]

1.Nf3 c5 2.c4 Nc6 3.Nc3 Nf6 4.e3 e6 5.d4 d5 6.a3 cxd4 7.exd4 Be7 8.Bd3 dxc4
9.Bxc4 O-O 10.O-O b6 11.Bb3 Bb7 12.Bc2 Qd6 13.Qd3 g6 14.Bh6 Rfd8 15.Rad1 Bf8
16.Bg5 Bg7 17.Qe2 Ne7 18.Rfe1 Nf5 19.d5 Bxd5 20.Nxd5 exd5 21.Bxf5 gxf5 22.Qd3
Re8 23.Qxf5 Rxe1+ 24.Rxe1 Ne4 25.Rd1 Qe6 26.Qxd5 Qxd5 27.Rxd5 Bxb2 28.Be7 Rc8
29.h4 Rc7 30.Rd8+ Kg7 31.Bf8+ Kf6 32.g4 Rc1+ 33.Kg2 Rc2 34.Kg1 Rxf2 35.Ng5 Rf4
36.Rd7 Rxg4+ 37.Kf1 Nxg5 38.hxg5+ Kxg5 39.Rxa7 Rf4+ 40.Ke2 h5 41.Ra6 Bd4 42.a4
Bc5 43.Bxc5 bxc5 44.a5 Ra4 45.Ra8 f5 46.a6 Kf4 47.Kf2 Ra2+ 48.Kg1 Kg3 49.Rg8+
Kf3 50.Ra8 f4 51.Rc8 c4 52.Rxc4 Kg3 53.Kf1 f3 54.Rc1 Rxa6 55.Kg1 Ra2 {#R} 0-1

[Event "5th POL-HUN Open 2017"]
[Site "Katowice POL"]
[Date "2017.05.21"]
[Round "7.2"]
[White "Gdanski,J"]
[Black "Azarov,S"]
[Result "0-1"]
[WhiteElo "2474"]
[BlackElo "2582"]

1.e4 c5 2.Nc3 Nc6 3.Nf3 e5 4.Bc4 d6 5.d3 Be7 6.Nd2 Nf6 7.Nf1 Bg4 8.Qd2 h6
9.Ne3 Be6 10.O-O O-O 11.Ned5 Nd4 12.a4 a6 13.a5 Nxd5 14.Nxd5 Bg5 15.f4 exf4
16.Qd1 f3 17.gxf3 Bxc1 18.Rxc1 Qxa5 19.c3 Nc6 20.f4 b5 21.Bb3 c4 22.Ra1 Qd8
23.dxc4 Bxd5 24.cxd5 Na5 25.Bc2 Nc4 26.Qd4 Nxb2 27.Kh1 Nc4 28.e5 dxe5 29.fxe5
Qg5 30.Qe4 g6 31.e6 Nd2 32.exf7+ Kh7 33.Qe6 Nxf1 34.Rxf1 Rad8 35.Be4 Kh8
36.Rg1 Qf4 37.Bxg6 Qf3+ 38.Rg2 Qd1+ 39.Rg1 Qxd5+ 40.Qxd5 Rxd5 41.Bc2 Rg5
42.Rf1 Kg7 43.Bb3 Rc8 44.Be6 Rd8 45.h4 Rg6 46.Bb3 Kf8 47.Re1 a5 48.Re5 a4
49.Bc2 Rb6 50.c4 a3 51.Bb3 a2 52.Re1 Ra8 53.Ra1 bxc4 54.Bxa2 Rba6 55.Re1 {#R}
0-1

[Event "5th POL-HUN Open 2017"]
[Site "Katowice POL"]
[Date "2017.05.21"]
[Round "7.4"]
[White "Alvarado,C"]
[Black "Zawadzka,J"]
[Result "0-1"]
[WhiteElo "2152"]
[BlackElo "2419"]

1.e4 c5 2.b3 Nc6 3.Bb2 d6 4.Bb5 Bd7 5.f4 a6 6.Be2 Nf6 7.Bf3 Qc7 8.Ne2 e6
9.Bxf6 gxf6 10.c3 h5 11.Na3 h4 12.Nc2 Bh6 13.Ne3 O-O-O 14.Rc1 Kb8 15.Kf2 Ne7
16.g3 Bc6 17.Qc2 d5 18.exd5 Nxd5 19.Nxd5 Bxd5 20.Bxd5 Rxd5 21.d4 cxd4 22.cxd4
Qd7 23.Rcd1 f5 24.Rd3 Bg7 25.Rhd1 hxg3+ 26.hxg3 Rd6 27.Ke3 Rc6 28.Rc3 Rxc3+
29.Qxc3 Qd5 30.Rc1 Ka8 31.Kd2 Rd8 32.Qc4 Qg2 33.Ke3 Qe4+ 34.Kf2 Rh8 35.Ke1 Qe3
36.Kd1 Bxd4 37.Nxd4 Rh1+ {#R} 0-1

[Event "5th POL-HUN Open 2017"]
[Site "Katowice POL"]
[Date "2017.05.21"]
[Round "7.5"]
[White "Bednarek,S"]
[Black "Bus,Konrad"]
[Result "1-0"]
[WhiteElo "2309"]
[BlackElo "2229"]

1.d4 Nf6 2.Bg5 d5 3.Bxf6 exf6 4.e3 c6 5.c4 dxc4 6.Bxc4 Bd6 7.Qh5 O-O 8.Nc3 Qe7
9.Nge2 f5 10.O-O Nd7 11.Nf4 Nf6 12.Qh4 b5 13.Bb3 a5 14.a4 b4 15.Nce2 Ba6
16.Rfc1 c5 17.Qg5 Bxe2 18.Nxe2 Bxh2+ 19.Kh1 Bd6 20.dxc5 Bxc5 21.Qxf5 Bd6
22.Rc4 Qe5 23.Qxe5 Bxe5 24.Nd4 Ne4 25.Nc6 Nxf2+ 26.Kg1 Bg3 27.Ne7+ Kh8 28.Nf5
Be5 29.Kxf2 Bxb2 30.Rd1 g6 31.Nd6 Kg7 32.Rc7 Rad8 33.Ke2 Be5 34.Rxf7+ Rxf7
35.Nxf7 Rxd1 36.Kxd1 Bc7 37.Ng5 Bb6 38.Ke2 h5 39.Ne6+ Kf6 40.Nf4 {#r} 1-0

[Event "5th POL-HUN Open 2017"]
[Site "Katowice POL"]
[Date "2017.05.21"]
[Round "7.6"]
[White "Reza,W"]
[Black "Gumularz,Szymon"]
[Result "0-1"]
[WhiteElo "2258"]
[BlackElo "2391"]

1.e4 g6 2.d4 Bg7 3.Nc3 c6 4.f4 d5 5.e5 Nh6 6.Nf3 f6 7.Bd3 O-O 8.O-O Bg4 9.Ne2
Nd7 10.c4 e6 11.Qb3 fxe5 12.Nxe5 Nxe5 13.dxe5 Rf7 14.Nd4 Qe7 15.Bd2 Nf5 16.Nc2
Qh4 17.Be1 Qh5 18.h3 Be2 19.Bxe2 Qxe2 20.cxd5 cxd5 21.Rc1 Rc7 22.Bc3 Rac8
23.Rce1 Qa6 24.Kh2 Rc4 25.Nb4 Qb6 26.Nd3 Qxb3 27.axb3 Rxc3 28.bxc3 Rxc3 29.Nf2
Ng3 30.Rg1 Bh6 31.Nd1 Rxb3 32.Re3 Rxe3 33.Nxe3 Bxf4 34.Rb1 Nf5+ 35.g3 Bxe3
36.Rxb7 Bd4 37.Kg2 Ne3+ 38.Kf3 Nc4 39.Re7 Nxe5+ 40.Ke2 Bb6 41.Rxe6 Nf7 42.h4
Kg7 43.g4 h6 44.h5 g5 45.Rg6+ Kf8 46.Re6 Bc7 47.Rc6 Bb6 48.Re6 Bc5 49.Rc6 Bg1
50.Re6 Bh2 51.Ra6 Bb8 52.Rc6 Kg7 53.Rg6+ Kh7 54.Re6 Be5 55.Re7 Kg7 56.Rxa7 Bf6
57.Rd7 d4 58.Kd3 Be5 59.Ke4 Kf6 60.Ra7 Ke6 61.Ra8 Nd6+ 62.Kd3 Bf6 63.Ra7 Nf7
64.Ke4 Ne5 65.Ra6+ Kf7 66.Kf5 Bg7 67.Ra7+ Kg8 68.Ra8+ Kh7 69.Rd8 d3 70.Rd5 Kg8
71.Rd8+ Kf7 72.Rd5 Ke7 73.Rd4 Kf7 74.Rd5 Ke7 75.Rd4 Kf7 76.Rd5 Ke7 77.Rd4 Bf6
78.Rd5 Kf7 79.Rd4 d2 80.Rxd2 Nc4 81.Rd7+ Be7 82.Rd3 Nd6+ 83.Ke5 Ne8 84.Rd7 Nf6
85.Rd4 Nxh5 86.Ra4 Bf6+ 87.Ke4 Ng7 88.Ra7+ Kg6 89.Ra6 Ne8 90.Rc6 Kf7 91.Kf5
Ng7+ 92.Ke4 Ne6 93.Rb6 Bd8 94.Rb7+ Kg6 95.Rb8 Bf6 96.Rg8+ Bg7 97.Rc8 Kf7
98.Kf5 Nd4+ 99.Ke4 Nb5 100.Rb8 Nd6+ 101.Kd5 Ne8 102.Rb7+ Kg6 103.Rb6+ Nf6+
104.Ke5 Bh8 105.Ra6 h5 106.gxh5+ Kxh5 107.Kf5 Ng4 108.Ke4 Be5 109.Ra8 Kg6
110.Ra6+ Bf6 111.Kf3 Kf5 112.Ra4 Ne5+ 113.Kg3 Bd8 114.Ra8 Be7 115.Ra2 Bc5
116.Rc2 Be3 117.Rc8 Bf4+ 118.Kg2 Kg4 119.Ra8 Nf3 120.Ra4 Nh4+ 121.Kf2 Kh3
122.Ra7 g4 123.Rh7 g3+ 124.Ke2 g2 125.Rg7 Bg3 {#R} 0-1

[Event "5th POL-HUN Open 2017"]
[Site "Katowice POL"]
[Date "2017.05.21"]
[Round "7.8"]
[White "Lewicki,Mir"]
[Black "Kubica,K"]
[Result "1-0"]
[WhiteElo "2326"]
[BlackElo "2132"]

1.e4 e5 2.Nf3 Nc6 3.Bb5 a6 4.Ba4 Nf6 5.O-O Nxe4 6.d4 b5 7.Bb3 d5 8.dxe5 Be6
9.Be3 Bc5 10.Bxc5 Nxc5 11.Nbd2 O-O 12.h3 h6 13.c3 d4 14.Bxe6 Nxe6 15.cxd4
Ncxd4 16.Rc1 c5 17.Ne4 Nxf3+ 18.Qxf3 Qd4 19.Rfe1 Qxe5 20.Nxc5 Qxb2 21.Nd7 Rfd8
22.Ne5 Ng5 23.Qf5 Qxa2 24.h4 Qe6 25.Qf4 Nh7 26.Nc6 Qa2 27.Nxd8 Rxd8 28.Ra1 Qd5
29.Rxa6 Nf6 30.Rb6 Qc5 31.Rb7 h5 32.Qc7 Qxc7 33.Rxc7 Rd4 34.g3 b4 35.Rb7 Ne4
36.Re2 Nd2 37.Re8+ Kh7 38.Rxf7 b3 39.Rb7 Kg6 40.Ree7 Kf5 41.Rxg7 Ke4 42.Rg5
Nf3+ 43.Kg2 Nxg5 44.hxg5 Kf5 45.Rb5+ Kg6 46.f4 Rd2+ 47.Kf3 b2 48.Rb6+ Kf5
49.Rf6# 1-0

[Event "5th POL-HUN Open 2017"]
[Site "Katowice POL"]
[Date "2017.05.21"]
[Round "7.9"]
[White "Barski,R"]
[Black "Rak,T"]
[Result "1-0"]
[WhiteElo "2412"]
[BlackElo "2055"]

1.e4 c5 2.Nf3 Nc6 3.Bb5 Nd4 4.Nxd4 cxd4 5.O-O a6 6.Ba4 e6 7.c3 Bc5 8.d3 Ne7
9.Nd2 Nc6 10.Qh5 Ba7 11.Nf3 O-O 12.e5 b5 13.Bb3 d6 14.Bg5 Qc7 15.Bf6 gxf6
16.exf6 Ne7 17.Ng5 h6 18.Qxh6 {#r} 1-0

[Event "5th POL-HUN Open 2017"]
[Site "Katowice POL"]
[Date "2017.05.21"]
[Round "7.10"]
[White "Kruszynski,W"]
[Black "Mastrovasilis,D"]
[Result "1-0"]
[WhiteElo "2316"]
[BlackElo "2580"]

1.e4 c5 2.Nf3 e6 3.d4 cxd4 4.Nxd4 Nc6 5.Nb5 d6 6.c4 Nf6 7.N1c3 a6 8.Na3 b6
9.Be2 Bb7 10.O-O Be7 11.Be3 Ne5 12.f3 O-O 13.Qd2 Qc7 14.Rac1 Rac8 15.Rfd1 Rfe8
16.Bf1 Kh8 17.Qf2 Nfd7 18.Kh1 g5 19.b4 Rb8 20.Na4 Ba8 21.Nb1 Rg8 22.Nd2 Rg6
23.a3 g4 24.Be2 gxf3 25.gxf3 Qd8 26.Rg1 Bh4 27.Qf1 Qf6 28.Qh3 Rbg8 29.f4 Rxg1+
30.Rxg1 Rxg1+ 31.Kxg1 Ng6 32.f5 Nge5 33.Nc3 Bg5 34.fxe6 fxe6 35.Nf1 Ng6
36.Bxg5 Qxg5+ 37.Qg3 Qe7 38.Ne3 Nf6 39.Bf3 Ne5 40.Bg2 a5 41.Qg5 axb4 42.axb4
Bc6 43.c5 bxc5 44.bxc5 Ned7 45.e5 Nxe5 46.cxd6 Bxg2 47.Qxe5 Qg7 48.Nxg2 Kg8
49.Qxe6+ Kh8 50.Kf1 Qg5 51.Qe3 Qf5+ 52.Nf4 Ng4 53.Qd4+ Nf6 54.d7 {#r} 1-0

[Event "5th POL-HUN Open 2017"]
[Site "Katowice POL"]
[Date "2017.05.21"]
[Round "7.11"]
[White "Kucza,Karol"]
[Black "Pakleza,Z"]
[Result "0-1"]
[WhiteElo "2278"]
[BlackElo "2480"]

1.e4 d6 2.d4 Nf6 3.Nc3 c6 4.f4 Qb6 5.Nf3 Bg4 6.Be2 Bxf3 7.Bxf3 e5 8.Ne2 Nbd7
9.O-O Be7 10.c3 O-O 11.Qb3 Rfe8 12.Qxb6 axb6 13.Ng3 Bf8 14.Bd2 b5 15.Rfd1 g6
16.fxe5 dxe5 17.Re1 Bg7 18.d5 Nc5 19.b4 Nd3 20.Re3 Nb2 21.dxc6 bxc6 22.Ree1
Nc4 23.Bg5 Nd7 24.Nf1 h6 25.Bc1 Ndb6 26.Ne3 Red8 27.Nxc4 Nxc4 28.Be2 Nd6
29.Bf1 f5 30.exf5 gxf5 31.Rd1 Kf7 32.Be3 Ke6 33.Bc5 Ne4 34.Rxd8 Rxd8 35.Bb6
Rb8 36.Ba5 Nxc3 37.Rc1 e4 38.Kf2 Kd5 39.Ke3 Be5 40.g3 Rf8 41.Kd2 f4 42.Kc2
fxg3 43.hxg3 Nxa2 44.Rd1+ Bd4 45.Bb6 Nxb4+ 46.Kb3 Nd3 47.Bg2 Bxb6 48.Rxd3+ Bd4
49.Rd1 Rf2 50.Bh3 c5 51.Bd7 Rf3+ 52.Kc2 b4 53.Bc8 b3+ 54.Kb1 Rxg3 55.Rh1 Rg1+
{#R} 0-1

[Event "5th POL-HUN Open 2017"]
[Site "Katowice POL"]
[Date "2017.05.21"]
[Round "7.13"]
[White "Sadzikowski,D"]
[Black "Flasinski,M"]
[Result "1-0"]
[WhiteElo "2548"]
[BlackElo "2205"]

1.e4 c6 2.d4 d5 3.exd5 cxd5 4.Bd3 Nc6 5.c3 Nf6 6.Bf4 Bg4 7.Qb3 Qc8 8.Nd2 e6
9.Ngf3 Be7 10.O-O O-O 11.Qc2 Bh5 12.Rae1 Bg6 13.Bxg6 hxg6 14.Qd3 Nh5 15.Bg3
Nxg3 16.fxg3 b5 17.g4 b4 18.h4 bxc3 19.bxc3 Qc7 20.g5 Qg3 21.Rf2 Rac8 22.Nf1
Qc7 23.h5 gxh5 24.g6 Nd8 25.gxf7+ Rxf7 26.Rc2 Qf4 27.Ne5 Qf5 28.Qe2 Rf8 29.Ng3
Qg5 30.Nf1 Bd6 31.Qa6 Qf5 32.Ne3 {#r} 1-0

[Event "5th POL-HUN Open 2017"]
[Site "Katowice POL"]
[Date "2017.05.21"]
[Round "7.14"]
[White "Kaczmarek,Ale"]
[Black "Socko,M"]
[Result "0-1"]
[WhiteElo "2363"]
[BlackElo "2481"]

1.e4 c5 2.b3 Nc6 3.Bb2 d6 4.Bb5 Bd7 5.f4 Nf6 6.d3 Qa5+ 7.Nc3 g6 8.Nf3 Bg7
9.Qd2 a6 10.Bxc6 Bxc6 11.O-O Nd7 12.Rae1 e6 13.Kh1 O-O 14.d4 cxd4 15.Nxd4 d5
16.e5 Rfc8 17.Re3 b5 18.Rg3 b4 19.Nce2 Nc5 20.a4 Ne4 21.Qe3 Nxg3+ 22.Qxg3 Bd7
23.h4 Qd8 24.h5 Qe7 25.hxg6 fxg6 26.Qg4 Rf8 27.Rf3 Rf7 28.Ng1 Bh6 29.Bc1 Rc8
30.Rh3 Bf8 31.Ngf3 Rc3 32.Bd2 Rc8 33.Ng5 Re8 34.Qe2 a5 35.Ndf3 Rg7 36.Nh2 h5
37.Nhf3 Qc5 38.Be3 Qc3 39.Bd4 Qc8 40.Rh4 Bc5 41.Bb2 Rf8 42.Bc1 Bc6 43.Be3 d4
44.Nxd4 Bxd4 45.Bxd4 Bd5 46.Kh2 Rc7 47.Qd3 Rf5 48.Rh3 Rxc2 49.Rg3 Qc6 50.Kg1
Rxg2+ 51.Rxg2 Bxg2 52.Nxe6 Qxe6 53.Kxg2 Rxf4 54.Bf2 Kh7 55.Qe3 Qg4+ 56.Kf1 Rf7
57.e6 Re7 58.Qc5 Qxe6 59.Qxa5 Qxb3 60.Qc5 Qd1+ 61.Kg2 Qg4+ 62.Kh2 Rf7 63.a5 b3
64.a6 Qf4+ 65.Bg3 Qd2+ 66.Kh3 b2 67.Qb5 Qc1 68.Qd5 Qf1+ {#R} 0-1

[Event "5th POL-HUN Open 2017"]
[Site "Katowice POL"]
[Date "2017.05.21"]
[Round "7.17"]
[White "Budrewicz,K"]
[Black "Klepek,Witold"]
[Result "1-0"]
[WhiteElo "2190"]
[BlackElo "2111"]

1.d4 Nf6 2.c4 c5 3.d5 b5 4.Nf3 g6 5.Qc2 d6 6.e4 b4 7.a3 Bg7 8.Bd3 O-O 9.O-O a5
10.h3 e5 11.axb4 cxb4 12.Be3 Nfd7 13.Nbd2 Na6 14.Nb3 Nac5 15.Nxc5 Nxc5 16.Nd2
f5 17.f3 Qh4 18.Bxc5 dxc5 19.Nb3 Bh6 20.Qf2 Qg5 21.h4 Qe3 22.Nxc5 Ra7 23.Rfe1
Qd4 24.Qxd4 exd4 25.e5 Be3+ 26.Kf1 Re8 27.e6 Kf8 28.Ra4 Ke7 29.Rea1 Kd6
30.Rxa5 Rxa5 31.Rxa5 {#r} 1-0

[Event "5th POL-HUN Open 2017"]
[Site "Katowice POL"]
[Date "2017.05.21"]
[Round "7.20"]
[White "Cukrowski,F"]
[Black "Kiolbasa,Oliwia"]
[Result "1-0"]
[WhiteElo "2431"]
[BlackElo "2253"]

1.e4 e5 2.Nf3 Nc6 3.Bb5 a6 4.Bxc6 dxc6 5.O-O Bg4 6.h3 h5 7.d3 Qf6 8.Be3 Bxf3
9.Qxf3 Qxf3 10.gxf3 Bd6 11.Nd2 Ne7 12.Rfb1 f6 13.Kf1 g5 14.a4 O-O-O 15.b4 Rdg8
16.c4 Ng6 17.Ke2 Nh4 18.b5 Ng2 19.bxa6 bxa6 20.Rg1 Nxe3 21.fxe3 g4 22.h4 Rg7
23.Rg3 Rhg8 24.Rag1 Kd7 25.fxg4 hxg4 26.h5 Rh8 27.Rxg4 Rxg4 28.Rxg4 Rxh5
29.Rg7+ Kc8 30.Nf3 Rh1 31.Rg1 Rh6 32.d4 exd4 33.exd4 c5 34.e5 fxe5 35.dxe5 Be7
36.Kd3 Rb6 37.Nd2 Rb4 38.Rg7 Kd7 39.a5 Ra4 40.Ke4 Ra3 41.Rh7 Ra2 42.Nb3 Re2+
43.Kf4 Kd8 44.Kf5 Rf2+ 45.Ke6 Bf8 46.Rf7 Rxf7 47.Kxf7 Be7 48.Ke6 c6 49.Nd2 Bf8
50.Ne4 Be7 51.Kf7 Kd7 52.e6+ Kd8 53.Nf6 {#r} 1-0

[Event "5th POL-HUN Open 2017"]
[Site "Katowice POL"]
[Date "2017.05.21"]
[Round "7.23"]
[White "Brylski,P"]
[Black "Tworzydlo,P"]
[Result "0-1"]
[WhiteElo "2038"]
[BlackElo "2165"]

1.e4 d6 2.d4 Nf6 3.Bd3 g6 4.Nf3 Bg7 5.h3 O-O 6.O-O Nc6 7.c3 e5 8.Bg5 h6 9.Be3
exd4 10.cxd4 Nb4 11.Nc3 Nxd3 12.Qxd3 c6 13.b4 Re8 14.Rfe1 d5 15.e5 Nd7 16.a4
Kh7 17.Nd2 Nf8 18.f4 Bf5 19.Qe2 a5 20.b5 c5 21.g4 cxd4 22.Bxd4 Bc8 23.Qf2 Ne6
24.Bb6 Qd7 25.Nb3 g5 26.Ne2 gxf4 27.Nxf4 Ng5 28.Nc5 Qe7 29.Qc2+ Kg8 30.Qg2
Bxe5 31.Nxd5 Qf8 32.Rad1 Bd4+ 33.Rxd4 Rxe1+ 34.Kf2 Rc1 35.Nf6+ Kh8 36.Rd8 Rc2+
37.Kg3 Qxd8 38.Bxd8 Rxg2+ 39.Kxg2 Ne6 40.Nce4 Nf4+ 41.Kg3 Ne2+ 42.Kf2 Nf4
43.Kg3 Ne2+ 44.Kf2 Nf4 45.Kg3 Ne6 46.Nd5 Nxd8 47.Ndf6 Ne6 48.Kf2 {#R} 0-1

[Event "5th POL-HUN Open 2017"]
[Site "Katowice POL"]
[Date "2017.05.21"]
[Round "8.1"]
[White "Mista,A"]
[Black "Azarov,S"]
[Result "1-0"]
[WhiteElo "2606"]
[BlackElo "2582"]

1.e4 c5 2.Nf3 Nc6 3.d4 cxd4 4.Nxd4 Qb6 5.Nb3 Nf6 6.Nc3 e6 7.Qe2 Bb4 8.Bd2 O-O
9.a3 Bxc3 10.Bxc3 e5 11.O-O-O a5 12.g4 d6 13.g5 Ne8 14.h4 Be6 15.h5 Rc8 16.Kb1
Qc7 17.Qb5 b6 18.Bh3 Na7 19.Qd3 Bc4 20.Qg3 Rb8 21.g6 fxg6 22.hxg6 h6 23.Nd2
Nb5 24.a4 Nd4 25.Bxd4 exd4 26.Nxc4 Qxc4 27.b3 Qe2 28.Be6+ Kh8 29.Qg5 {#r} 1-0

[Event "5th POL-HUN Open 2017"]
[Site "Katowice POL"]
[Date "2017.05.21"]
[Round "8.2"]
[White "Heberla,B"]
[Black "Bednarek,S"]
[Result "1-0"]
[WhiteElo "2580"]
[BlackElo "2309"]

1.e4 c5 2.Nf3 Nc6 3.Nc3 e5 4.Bc4 Bd6 5.d3 h6 6.O-O a6 7.Nd5 b5 8.Bb3 Na5 9.c3
Nxb3 10.axb3 Nf6 11.d4 cxd4 12.cxd4 Nxe4 13.dxe5 Bb8 14.Qc2 Ng5 15.Nxg5 hxg5
16.Bxg5 Qxg5 17.Qxc8+ Qd8 18.Qc5 Rh6 19.Rfe1 Rc6 20.Qb4 Ba7 21.Qe4 Kf8 22.Rad1
Rac8 23.Rd3 Rc1 24.Rh3 Rxe1+ 25.Qxe1 Kg8 26.Qb1 f5 27.exf6 Kf7 28.fxg7 Qg5
29.Rf3+ Ke6 30.Qe4+ Kd6 31.h4 Qxg7 32.Rf6+ Kc5 33.b4# 1-0

[Event "5th POL-HUN Open 2017"]
[Site "Katowice POL"]
[Date "2017.05.21"]
[Round "8.3"]
[White "Lewicki,Mir"]
[Black "Klekowski,M"]
[Result "1-0"]
[WhiteElo "2326"]
[BlackElo "2473"]

1.e4 e5 2.Nf3 Nc6 3.Bb5 Nf6 4.d3 d6 5.c3 Be7 6.O-O O-O 7.Re1 a6 8.Ba4 b5 9.Bc2
Re8 10.d4 Bf8 11.Nbd2 Bb7 12.d5 Ne7 13.Nf1 c6 14.dxc6 Bxc6 15.Bg5 Ng6 16.Ne3
h6 17.Bxf6 Qxf6 18.a4 Reb8 19.b4 Qd8 20.Nf5 a5 21.axb5 Bxb5 22.bxa5 Rxa5
23.Rxa5 Qxa5 24.Nxd6 Qxc3 25.Bb3 Be8 26.Re3 Qb2 27.Nxe8 Rxe8 28.g3 Re7 29.Rd3
Rc7 30.Rd2 Qa3 31.Ra2 Qe7 32.Ra8 Rc3 33.h4 Qf6 34.Kg2 Qb6 35.Bxf7+ Kxf7
36.Qd5+ Ke7 37.Nxe5 Rc7 38.Qf7+ Kd6 39.Qd5+ Ke7 40.Qd8+ Ke6 41.Nxg6 Bd6
42.Qe8+ Be7 43.Nf4+ Ke5 44.Nd5 Qb7 45.Rb8 Qa7 46.Nxc7 Qxc7 47.Rb5+ Kxe4 48.Qf7
Qc6 49.Qf3+ {#r} 1-0

[Event "5th POL-HUN Open 2017"]
[Site "Katowice POL"]
[Date "2017.05.21"]
[Round "8.4"]
[White "Zawadzka,J"]
[Black "Barski,R"]
[Result "1-0"]
[WhiteElo "2419"]
[BlackElo "2412"]

1.e4 e5 2.Nf3 Nc6 3.Bb5 a6 4.Ba4 Nf6 5.O-O Be7 6.Re1 b5 7.Bb3 O-O 8.d4 Nxd4
9.Nxd4 exd4 10.e5 Ne8 11.Qxd4 Bb7 12.c4 c5 13.Qg4 bxc4 14.Bxc4 d5 15.exd6 Nxd6
16.Nc3 Bf6 17.Be3 Qb6 18.Bb3 Qb4 19.Qxb4 cxb4 20.Na4 a5 21.Bc5 Rfd8 22.Bb6 Re8
23.Red1 Nf5 24.Rd7 Bc6 25.Rc7 Bxa4 26.Bxa4 Re2 27.Bb3 Bd8 28.Rxf7 Bxb6 29.Ra7+
Kf8 30.Rxa8+ Ke7 31.Rf1 Nd6 32.Ra6 Bd4 33.Rxa5 Ne4 34.Rf5 Nd2 35.Rd1 Bxb2
36.Rf7+ Ke8 37.Rf4 Bc3 38.g3 Ke7 39.h4 h6 40.Kg2 g5 41.hxg5 hxg5 42.Rf7+ Kd6
43.Kh3 Kc6 44.Kg4 Kb6 45.f3 Nxb3 46.axb3 Rb2 47.Kxg5 Rxb3 48.f4 Rb2 49.g4 Rc2
50.Rd8 Kb5 51.f5 Kc4 52.Rc7+ Kb3 53.Kg6 Rg2 54.g5 Kc2 55.Rdc8 Rg3 56.f6 b3
57.f7 b2 58.f8=Q b1=Q 59.Qf5+ {#r} 1-0

[Event "5th POL-HUN Open 2017"]
[Site "Katowice POL"]
[Date "2017.05.21"]
[Round "8.6"]
[White "Przedmojski,R"]
[Black "Kanarek,M"]
[Result "1-0"]
[WhiteElo "2355"]
[BlackElo "2519"]

1.d4 Nf6 2.c4 g6 3.Nc3 Bg7 4.e4 d6 5.f3 O-O 6.Be3 Nc6 7.Qd2 a6 8.Nge2 Na5 9.b3
b5 10.cxb5 axb5 11.Rc1 Bd7 12.Nf4 c6 13.Be2 Qb8 14.O-O Rc8 15.Nd3 Be8 16.Kh1
Nb7 17.Rc2 c5 18.dxc5 Nxc5 19.Nxc5 dxc5 20.Rfc1 e6 21.Nd1 Nd7 22.Nf2 Bf8
23.Bh6 Bd6 24.f4 f6 25.h4 Bf7 26.Rd1 Bf8 27.Ng4 Rd8 28.Qxd7 Rxd7 29.Nxf6+ Kh8
30.Nxd7 Qd8 31.Bxf8 Ra7 32.Bxb5 Qxh4+ 33.Kg1 Qxf4 34.Bxc5 Rb7 35.Bd4+ Kg8
36.Rc8+ Be8 37.Rxe8+ {#r} 1-0

[Event "5th POL-HUN Open 2017"]
[Site "Katowice POL"]
[Date "2017.05.21"]
[Round "8.7"]
[White "Sadzikowski,D"]
[Black "Kruszynski,W"]
[Result "1-0"]
[WhiteElo "2548"]
[BlackElo "2316"]

1.e4 c5 2.Nf3 e6 3.d4 cxd4 4.Nxd4 Nc6 5.Nc3 a6 6.Qd3 d6 7.Nxc6 bxc6 8.Qg3 Qc7
9.Bd3 Nf6 10.O-O e5 11.Bc4 Be6 12.Bxe6 fxe6 13.f4 exf4 14.Bxf4 e5 15.Be3 Be7
16.Qxg7 Rg8 17.Qh6 Rg6 18.Qh3 Qd7 19.Qf5 O-O-O 20.Kh1 Rdg8 21.g3 Ng4 22.Bg1
Rf8 23.Qxd7+ Kxd7 24.Rxf8 Bxf8 25.Rf1 Nf6 26.Kg2 Ke6 27.Rf3 Bh6 28.Be3 d5
29.Bxh6 Rxh6 30.exd5+ cxd5 31.Nd1 Nd7 32.Ra3 Kf5 33.c3 Rb6 34.Ra4 Nc5 35.Rh4
Kg6 36.b4 Ne4 37.c4 Rxb4 38.cxd5 Rd4 39.Ne3 Rd2+ 40.Kf1 Nc3 41.Rc4 Nxa2
42.Rc6+ Kg5 43.h4+ Kh5 44.Re6 Nb4 45.Rxe5+ Kg6 46.Re6+ Kf7 47.Rh6 Nxd5 48.Nxd5
Rxd5 49.Rxh7+ Kg6 50.Rc7 Kh5 51.Kg2 a5 52.Kh3 {#r} 1-0

[Event "5th POL-HUN Open 2017"]
[Site "Katowice POL"]
[Date "2017.05.21"]
[Round "8.8"]
[White "Socko,M"]
[Black "Woloch,Oskar"]
[Result "1-0"]
[WhiteElo "2481"]
[BlackElo "2226"]

1.d4 Nf6 2.c4 c5 3.d5 b5 4.cxb5 a6 5.e3 axb5 6.Bxb5 Qa5+ 7.Nc3 e6 8.Bd2 Qb6
9.dxe6 fxe6 10.Nf3 Bb7 11.O-O Be7 12.a4 O-O 13.Qc2 Nc6 14.Ne2 Ng4 15.h3 Rxf3
16.hxg4 Ne5 17.Nf4 Qc7 18.Be2 g5 19.Bc3 gxf4 20.Bxe5 Qxe5 21.Bxf3 Bxf3 22.gxf3
fxe3 23.fxe3 Qxe3+ 24.Kg2 Rb8 25.Rae1 Qd4 26.Re2 Bd6 27.Qd2 Qf4 28.Qxf4 Bxf4
29.Ra1 Rb6 30.Rc2 Be3 31.f4 Bxf4 32.a5 Ra6 33.Rxc5 Bd6 34.Rc4 Kf7 35.b4 Be5
36.Ra2 d5 37.Rc8 Ra7 38.b5 Bd4 39.Ra4 e5 40.b6 Bxb6 41.axb6 Rxa4 42.b7 Ra2+
43.Kg3 Ra3+ 44.Kh4 Rb3 45.b8=Q Rxb8 46.Rxb8 d4 47.Kg3 {#r} 1-0

[Event "5th POL-HUN Open 2017"]
[Site "Katowice POL"]
[Date "2017.05.21"]
[Round "8.10"]
[White "Bus,Konrad"]
[Black "Gdanski,J"]
[Result "0-1"]
[WhiteElo "2229"]
[BlackElo "2474"]

1.d4 Nf6 2.c4 c5 3.d5 g6 4.Nc3 d6 5.e4 Bg7 6.Bd3 e6 7.h3 exd5 8.cxd5 a6 9.a4
Nbd7 10.Nf3 Nh5 11.O-O Ne5 12.Be2 Nxf3+ 13.Bxf3 Qh4 14.Bxh5 gxh5 15.Qf3 Be5
16.Ne2 Bg4 17.Qe3 Rg8 18.Ra3 O-O-O 19.f4 Bh8 20.hxg4 hxg4 21.g3 Qe7 22.b4 Rge8
23.bxc5 dxc5 24.e5 Rxd5 25.Nc3 Rd4 26.Ne4 f6 27.Nd6+ Kb8 28.Nxe8 fxe5 29.Bb2
e4 30.Kg2 Qxe8 31.Re1 Qh5 32.Rh1 Qd5 33.Bxd4 cxd4 34.Qb3 Qc6 35.Rxh7 Bf6
36.Qg8+ Ka7 37.Qxg4 e3+ 38.Qf3 Qc2+ 39.Kg1 Qb1+ 40.Kg2 Qc2+ 41.Kg1 Qxh7 42.Rb3
Qc7 43.Rb1 Qd7 44.Kg2 Qh7 45.Rb2 Qe7 46.Rb1 d3 47.Rb3 e2 48.Qf2+ Ka8 49.Rxd3
Qe4+ 50.Kh2 Qxd3 {#R} 0-1

[Event "5th POL-HUN Open 2017"]
[Site "Katowice POL"]
[Date "2017.05.21"]
[Round "8.11"]
[White "Masternak,A"]
[Black "Lewtak,Da"]
[Result "0-1"]
[WhiteElo "2188"]
[BlackElo "2319"]

1.Nf3 Nf6 2.c4 c6 3.Nc3 d5 4.cxd5 cxd5 5.d4 Nc6 6.Bf4 e6 7.e3 Bb4 8.Bd3 Qa5
9.Qc2 Be7 10.Qe2 a6 11.O-O O-O 12.a3 Bd7 13.b4 Qd8 14.Ne5 Nxe5 15.Bxe5 Bc6
16.Qf3 Nd7 17.Bg3 Nb6 18.Rfd1 Qd7 19.Qh5 g6 20.Qe2 Na4 21.Nxa4 Bxa4 22.Rdc1
Rfc8 23.Qb2 Bb5 24.Rxc8+ Rxc8 25.Bxb5 Qxb5 26.Rc1 Rc4 27.Rxc4 dxc4 28.f3 Qa4
29.Be1 Qb3 30.Bc3 a5 31.Kf2 Qxb2+ 32.Bxb2 axb4 33.axb4 Bxb4 34.e4 Kf8 35.Ke3
Ke7 {#R} 0-1

[Event "5th POL-HUN Open 2017"]
[Site "Katowice POL"]
[Date "2017.05.21"]
[Round "8.12"]
[White "Piotrowski,P"]
[Black "Reza,W"]
[Result "1-0"]
[WhiteElo "2335"]
[BlackElo "2258"]

1.d4 Nf6 2.Nf3 e6 3.g3 d5 4.Bg2 Be7 5.O-O O-O 6.c4 dxc4 7.Qc2 a6 8.a4 Nc6
9.Qxc4 Qd5 10.Qc2 Qf5 11.Qxf5 exf5 12.Nc3 Bd6 13.Bf4 Bxf4 14.gxf4 Nb4 15.Rac1
c6 16.a5 Be6 17.Na4 Nd7 18.Ne5 Rad8 19.Nxd7 Rxd7 20.e3 h6 21.Nc5 Re7 22.Rfd1
g5 23.fxg5 hxg5 24.f4 g4 25.h3 Bc8 26.hxg4 Rxe3 27.g5 Rfe8 28.Rc4 Nd5 29.Bxd5
cxd5 30.Rc2 Rg3+ 31.Kf1 Rh3 32.Rdd2 Rh1+ 33.Kg2 Ree1 34.Re2 Reg1+ 35.Kf3 Rg4
36.Rf2 Rd1 37.Rcd2 Ra1 38.Rde2 Be6 39.Nxe6 fxe6 40.Rxe6 Rd1 41.Rg6+ Kf7
42.Rf6+ Kg7 43.Rxf5 Rgg1 44.Rxd5 Rd3+ 45.Ke4 Rb3 46.Kf5 Kf7 47.Rc2 Ke7 48.Re2+
Kf7 49.g6+ {#r} 1-0

[Event "5th POL-HUN Open 2017"]
[Site "Katowice POL"]
[Date "2017.05.21"]
[Round "8.13"]
[White "Nasuta,G"]
[Black "Dzierzak,Radoslaw"]
[Result "1-0"]
[WhiteElo "2454"]
[BlackElo "2260"]

1.e4 c5 2.Nf3 e6 3.d4 cxd4 4.Nxd4 Nc6 5.Nc3 Qc7 6.Be3 a6 7.Qf3 Nf6 8.O-O-O
Nxd4 9.Bxd4 e5 10.Qg3 d6 11.Be3 Be7 12.Qxg7 Rf8 13.Nd5 Nxd5 14.exd5 Bf5 15.Bd3
Bg6 16.f4 e4 17.Be2 f5 18.Qd4 Rc8 19.Qa4+ b5 20.Qb3 Bf6 21.Kb1 Kf7 22.g4 Rb8
23.h4 h5 24.gxf5 Bxf5 25.Bxh5+ Ke7 26.Bd4 Bxd4 27.Rxd4 Rg8 28.Qe3 Rg2 29.Rc1
Rbg8 30.Rxe4+ Bxe4 31.Qxe4+ Kd8 32.f5 Qe7 33.Qd4 Rh2 34.f6 Qc7 35.f7 Rf8
36.Bg6 a5 37.a3 Re2 38.h5 Qc5 39.Qf6+ Re7 40.Qg7 {#r} 1-0